U.S. Cities By Baseball Stadium Name - Statistics

General Stats
  • This quiz has been taken 78 times
  • The average score is 22 of 26
Answer Stats
Stadium City % Correct
Wrigley Field Chicago
97%
Nationals Park Washington D.C.
95%
Oriole Park Baltimore
93%
Yankee Stadium New York City
93%
Angel Stadium Anaheim
92%
Fenway Park Boston
92%
Busch Stadium St. Louis
91%
Tropicana Field St. Petersburg
89%
Kauffman Stadium Kansas City
88%
Minute Maid Park Houston
87%
Petco Park San Diego
87%
Coors Field Denver
86%
Target Field Minneapolis
86%
Citizens Bank Park Philadelphia
82%
Oracle Park San Francisco
82%
Truist Park Atlanta
80%
Great American Ball Park Cincinnati
80%
Progressive Field Cleveland
79%
Chase Field Phoenix
79%
Comerica Park Detroit
75%
PNC Park Pittsburgh
75%
Globe Life Park Arlington
74%
Guaranteed Rate Field Chicago
71%
LoanDepot Park Miami
70%
T-Mobile Park Seattle
70%
American Family Field Milwaukee
66%
No matching quizzes found
Score Distribution
Percent of People with Each Score
Percentile by Number Answered
Your Score History
You have not taken this quiz